| 000 | 01047nam a2200337Ia 4500 | ||
|---|---|---|---|
| 003 | OSt | ||
| 005 | 20221007122654.0 | ||
| 006 | a|||||r|||| 00| 0 | ||
| 007 | ta | ||
| 008 | 221006b |||||||| |||| 00| 0 eng d | ||
| 020 | _a9788131758915 (pbk) | ||
| 024 | _a154334 | ||
| 037 | _cAnnuals, Advances | ||
| 040 |
_aPAPL _cPAPL _beng |
||
| 041 |
_2eng _aeng |
||
| 082 | _aB7, J31;Q1-;2 Carpa | ||
| 100 | _aGoldstein Herbert | ||
| 245 | 0 |
_aClassical mechanics _b Poole Charles P Safko John |
|
| 250 | _a3 | ||
| 260 |
_aChennai _bPearson _c2011 |
||
| 300 |
_axviii; 646p. _ccm. |
||
| 500 | _aAppendix A-C, 601-625p.; Bibliography 626-630p.; Index 631-646p. | ||
| 650 |
_a Canonical transfoprms _9714857 |
||
| 650 |
_a Classical choas _9714858 |
||
| 650 | _a Mathematics | ||
| 650 | _aPhysics | ||
| 700 |
_a Poole Charles P _9450467 |
||
| 700 |
_a Safko John _9391526 |
||
| 942 |
_hB7, J31;Q1-;2 Carpa _cREF _2CC |
||
| 999 |
_c1210754 _d1210754 |
||